000 01050nam a2200253 i 4500
001 11842
003 KOSZ 005
005 20210428091159.0
008 081027s1956 pl a f 000 0 pol
015 _aPB 1956/4650
040 _aWA N
_cKOSZ 005/KK
_dKOSZ 005/KK
080 _a331.82:631
100 1 _aPuzyna, Czesław
_d(1920-2003)
_eAutor
245 1 0 _aOchrona pracy w konstrukcjach maszyn rolniczych /
_cCzesław Puzyna.
260 _aWarszawa :
_bPaństwowe Wydawnictwa Techniczne,
_c1956.
300 _a243, [1] s. :
_bil. ;
_c21 cm.
380 _aKsiążki.
504 _aBibliogr. s.243-244.
521 8 _aDla pracowników biur konstrukcyjnych, fabryk maszyn i narzędzi rolniczych, inżynierów bezpieczeństwa i higieny pracy oraz słuchaczy wydziałów agromechanicznych.
650 4 _aMaszyny i narzędzia rolnicze
_xbhp.
710 _aPaństwowe Wydawnictwa Techniczne
_4pbl.
856 _uhttp://koha.tu.koszalin.pl/cgi-bin/koha/opac-detail.pl?biblionumber=11842
_yKatalog online BPK
942 _2UKD
_cKS
999 _c11842
_d11842